Accounting : (Record no. 25948)
[ view plain ]
| 000 -LEADER | |
|---|---|
| fixed length control field | 00852nam a2200253 a 4500 |
| 001 - CONTROL NUMBER | |
| control field | vtls003217165 |
| 003 - CONTROL NUMBER IDENTIFIER | |
| control field | MY-SjTCS |
| 005 - DATE AND TIME OF LATEST TRANSACTION | |
| control field | 20200310114315.0 |
| 008 - FIXED-LENGTH DATA ELEMENTS--GENERAL INFORMATION | |
| fixed length control field | 110519s2011 maua 001 0 eng d |
| 020 ## - INTERNATIONAL STANDARD BOOK NUMBER | |
| International Standard Book Number | 9780073527062 (hbk.) |
| 020 ## - INTERNATIONAL STANDARD BOOK NUMBER | |
| International Standard Book Number | 0073527068 (hbk.) |
| 039 #9 - LEVEL OF BIBLIOGRAPHIC CONTROL AND CODING DETAIL [OBSOLETE] | |
| Level of rules in bibliographic description | 201211241229 |
| Level of effort used to assign nonsubject heading access points | shuhada |
| Level of effort used to assign subject headings | 201106251041 |
| Level of effort used to assign classification | wilmina |
| -- | 201105191159 |
| -- | malathy |
| 082 04 - DEWEY DECIMAL CLASSIFICATION NUMBER | |
| Classification number | 657 |
| Item number | MAR 2011 |
| 100 1# - MAIN ENTRY--PERSONAL NAME | |
| Personal name | Marshall, David H. |
| 9 (RLIN) | 9469 |
| 245 10 - TITLE STATEMENT | |
| Title | Accounting : |
| Remainder of title | what the numbers mean / |
| Statement of responsibility, etc. | David H. Marshall, Wayne W. McManus, Daniel F. Viele. |
| 260 ## - PUBLICATION, DISTRIBUTION, ETC. | |
| Place of publication, distribution, etc. | Boston, MA. : |
| Name of publisher, distributor, etc. | McGraw-Hill Irwin, |
| Date of publication, distribution, etc. | c2011. |
| 300 ## - PHYSICAL DESCRIPTION | |
| Extent | xxi, 760 p. : |
| Other physical details | col. ill. ; |
| Dimensions | 26 cm. |
| 500 ## - GENERAL NOTE | |
| General note | Includes index. |
| 650 #0 - SUBJECT ADDED ENTRY--TOPICAL TERM | |
| Topical term or geographic name entry element | Accounting. |
| 9 (RLIN) | 201951 |
| 650 #0 - SUBJECT ADDED ENTRY--TOPICAL TERM | |
| Topical term or geographic name entry element | Managerial accounting |
| 9 (RLIN) | 209852 |
| 700 1# - ADDED ENTRY--PERSONAL NAME | |
| Personal name | McManus, Wayne W. |
| 9 (RLIN) | 9470 |
| 700 1# - ADDED ENTRY--PERSONAL NAME | |
| Personal name | Viele, Daniel F. |
| 9 (RLIN) | 52011 |
| 920 ## - Programme | |
| Programme | ADTP : 163882 |
| Withdrawn status | Lost status | Source of classification or shelving scheme | Damaged status | Not for loan | Home library | Current library | Date acquired | Total Checkouts | Barcode | Date last seen | Date last checked out | Copy number | Koha item type | Public note |
|---|---|---|---|---|---|---|---|---|---|---|---|---|---|---|
| Missing Stock take | Dewey Decimal Classification | Taylor's Library-TU | Taylor's Library-TU | 06/06/2011 | 6 | 5000115907 | 05/12/2019 | 27/06/2013 | 1 | Main Collection | SLASx,05000,03,GR |